[Event "Montevideo Duchamp Cup 7th"]
[Site "Montevideo"]
[Date "2024.02.06"]
[Round "6"]
[White "Rodriguez Martinez, Jose Fernando"]
[Black "Traverso, Luis"]
[Result "1-0"]
[WhiteElo "1668"]
[BlackElo "1439"]
[PlyCount "99"]
[EventDate "2024.02.01"]
[EventType "swiss"]
[EventRounds "9"]
[EventCountry "URU"]
[SourceTitle "CB07_2024"]
[SourceDate "2024.02.14"]
[SourceVersion "1"]
[SourceVersionDate "2024.02.14"]
[SourceQuality "1"]

1. e4 e6 2. d4 d5 3. Bd3 dxe4 4. Bxe4 Nf6 5. Bf3 Be7 6. Ne2 0-0 7. 0-0 c5 8. Be3 Nc6 9. Nbc3 cxd4 10. Nxd4 Ne5 11. Be2 b6 12. f4 Ng6 13. Bf3 Nd5 14. Nxd5 exd5 15. Nc6 Qc7 16. Nxe7+ Nxe7 17. Qd2 Bb7 18. c3 Rad8 19. Rad1 Nf5 20. Bf2 Nd6 21. Bd4 Nf5 22. Be5 Qc5+ 23. Bd4 Nxd4 24. Qxd4 Rd7 25. Rfe1 Rfd8 26. Bg4 Rd6 27. Bf3 Kf8 28. g3 Bc8 29. Re5 Be6 30. Kg2 f6 31. Ree1 Kf7 32. g4 Rc8 33. f5 Qxd4 34. fxe6+ Rxe6 35. cxd4 Rxe1 36. Rxe1 Rc2+ 37. Re2 Rxe2+ 38. Bxe2 g5 39. Kf2 a5 40. a3 h6 41. Ke3 Ke6 42. Bf3 Kd6 43. Kd3 Ke6 44. Kc3 b5 45. Be2 Kd6 46. Bxb5 Kc7 47. b4 axb4+ 48. Kxb4 Kb6 49. a4 Kc7 50. Kc5 1-0

[Event "Montevideo Duchamp Cup 7th"]
[Site "Montevideo"]
[Date "2024.02.03"]
[Round "3"]
[White "Cano, Carlos2"]
[Black "Traverso, Luis"]
[Result "1-0"]
[WhiteElo "1611"]
[BlackElo "1439"]
[PlyCount "51"]
[EventDate "2024.02.01"]
[EventType "swiss"]
[EventRounds "9"]
[EventCountry "URU"]
[SourceTitle "CB07_2024"]
[SourceDate "2024.02.14"]
[SourceVersion "1"]
[SourceVersionDate "2024.02.14"]
[SourceQuality "1"]

1. e4 c6 2. d4 d5 3. exd5 cxd5 4. Bd3 Nc6 5. c3 e6 6. Nf3 Nf6 7. Bg5 Be7 8. Nbd2 0-0 9. 0-0 h6 10. Bh4 Bd6 11. Re1 Re8 12. Ne5 Bd7 13. Bxf6 gxf6 14. Qg4+ Kf8 15. Nxf7 e5 16. Qg6 Qe7 17. Nxd6 Qxd6 18. Qxh6+ Ke7 19. dxe5 Nxe5 20. f4 Kd8 21. fxe5 Rxe5 22. Rxe5 Qxe5 23. Nf3 Qd6 24. Qh8+ Be8 25. Re1 Qc6 26. Nd4 1-0

[Event "Montevideo Duchamp Cup 7th"]
[Site "Montevideo"]
[Date "2024.02.01"]
[Round "1"]
[White "Martello, Benjamin"]
[Black "Traverso, Luis"]
[Result "1-0"]
[WhiteElo "1858"]
[BlackElo "1439"]
[PlyCount "97"]
[EventDate "2024.02.01"]
[EventType "swiss"]
[EventRounds "9"]
[EventCountry "URU"]
[SourceTitle "CB07_2024"]
[SourceDate "2024.02.14"]
[SourceVersion "1"]
[SourceVersionDate "2024.02.14"]
[SourceQuality "1"]

1. Nf3 Nc6 2. d4 d5 3. c4 e6 4. Nc3 Nf6 5. Bg5 Be7 6. e3 Bd7 7. Bxf6 Bxf6 8. cxd5 Ne7 9. e4 exd5 10. e5 Bxe5 11. Nxe5 Be6 12. Bd3 0-0 13. 0-0 f6 14. Nf3 Re8 15. Re1 Bf7 16. Qb3 b6 17. Qc2 g6 18. Re2 c6 19. Rae1 Qd7 20. h3 Kg7 21. a4 Ng8 22. a5 b5 23. Na2 Rxe2 24. Rxe2 Re8 25. Rxe8 Bxe8 26. Nb4 Qc7 27. Nxd5 Qxa5 28. Nf4 Bf7 29. Kh2 Qc7 30. g3 Qd7 31. Qc5 Ne7 32. Be4 a5 33. Kg2 a4 34. h4 Nd5 35. Nxd5 Bxd5 36. Bxd5 Qxd5 37. Qxd5 cxd5 38. Ne1 b4 39. Kf3 a3 40. bxa3 bxa3 41. Ke3 a2 42. Nc2 Kf7 43. Kd3 Ke6 44. Kc3 Kf5 45. f3 h5 46. Ne3+ Ke6 47. Kb2 g5 48. Kxa2 gxh4 49. gxh4 1-0

[Event "Montevideo Duchamp Cup 5th"]
[Site "Montevideo"]
[Date "2022.02.12"]
[Round "1"]
[White "Gaye, Gustavo"]
[Black "Traverso, Luis"]
[Result "1-0"]
[WhiteElo "1990"]
[BlackElo "1415"]
[PlyCount "107"]
[EventDate "2022.02.12"]
[EventType "swiss"]
[EventRounds "9"]
[EventCountry "URU"]
[SourceTitle "CBM 206 Extra"]
[Source "ChessBase"]
[SourceDate "2022.03.31"]
[SourceVersion "1"]
[SourceVersionDate "2022.03.31"]
[SourceQuality "1"]

1. e4 d5 2. exd5 Nf6 3. Nc3 Nxd5 4. Bc4 e6 5. Nf3 Bc5 6. Ne4 Be7 7. d4 Nc6 8. c3 h6 9. 0-0 f5 10. Ng3 Qd6 11. Re1 Bd7 12. Ne5 Nxe5 13. dxe5 Qc5 14. Bxd5 exd5 15. e6 Bb5 16. Qh5+ Kd8 17. Nxf5 Rf8 18. Be3 d4 19. Bxd4 Qxf5 20. Qd1 Kc8 21. Re5 Qd3 22. Qg4 b6 23. Qxg7 Bd6 24. e7 Re8 25. Re3 Qc4 26. b3 Qg8 27. Qf6 Bc6 28. f3 Kb7 29. Rae1 Qh7 30. a4 Qc2 31. Qf7 Rg8 32. R3e2 Qg6 33. Qxg6 Rxg6 34. e8Q Rxe8 35. Rxe8 Bxe8 36. Rxe8 c5 37. Be5 Bxe5 38. Rxe5 Rd6 39. Kf2 Rd2+ 40. Re2 Rd3 41. Re3 Rd2+ 42. Kg3 Rb2 43. c4 a5 44. f4 Rd2 45. f5 Rd8 46. Kf4 Kc7 47. g4 Rd4+ 48. Kf3 h5 49. h3 Kd7 50. f6 Rd6 51. g5 Re6 52. Rxe6 Kxe6 53. Kf4 Kf7 54. Kf5 1-0